000 02763nam a2200421 a 4500
001
003 DO-SdBPM
005 20251107115641.0
007 ta
008 090828s2012 dr b 001 0 spa d
020 _a9789945412642
040 _aDO-SdBPM
_bspa
_cBPMSU
_erda
041 _h
082 4 _a388.097293
_bA425m 2012
_222
100 1 _aAllen, Carl
_d
245 1 3 _a El metro y los impactos de la integración del Sistema de Transporte en Santo Domingo, República Dominicana /
_cCarl Allen ; prólogo Natasha Despotovic ; traducción Silvia Gutiérrez
260 _b
_c
264 _aSanto Domingo :
_bFundación Global Democracia y Desarrollo (FUNGLODE),
_c2012
300 _a82 páginas :
_bilustraciones, gráficos ;
_c23 cm.
336 _atexto
_btxt
_2rdacontent
337 _asin mediación
_bn
_2rdamedia
338 _avolumen
_bnc
_2rdacarrier
490 0 _aEstudios y Reflexiones ;
_aDesarrollo Urbano
500 _aIncluye referencias bibliográficas y notas al pie de las páginas
500 _aIncluye datos biográficos del autor página 81
500 _a
505 0 _aPrólogo, ix.-- Prefacio, xi.-- Introducción, 3.-- Metodología, 5.-- Santo Domingo y sus problemas de transporte, 7.-- El corredor Máximo Gómez, 9.-- El Plan Maestro, 10.-- Planificación para las rutas alimentadoras, 11.-- La integración del transporte y el desarrollo sostenible, 15.-- Análisis de la Línea 1 del Metro, 19.-- Descripción del Sistema del Metro, 19.-- Número de usuarios del transporte público, 22.-- Costos operativos y subvenciones, 28.-- Beneficios principales de la Línea 1 del Metro, 28.-- Análisis de costo-beneficio del Metro, 38.-- Otros beneficios reales (pero difíciles de cuantificar) del Metro, 39.-- Otros beneficios potenciales (pero más especulativos), 42.-- Oportunidades y riesgos de la integración del autobús alimentador, 47.-- Otros beneficios principales, 47.-- Otros impactos potenciales, 51.-- Riesgos de la integración, 52.-- Conclusiones, 55.-- Apéndice A: Formularios de encuesta y resultados, 56.-- Apéndice B: Cálculo del número de usuarios del transporte público, 69.-- Fuentes, 74.-- Biografía de Carl Allen, 83.-- Sobre Fellows, 84.
590 _aInventariado, 2025 / VM
650 7 _aMetro (Medio de transporte)
_zSanto Domingo (República Dominicana)
650 7 _a Inversiones públicas
_zRepública Dominicana
650 7 _aTransporte colectivo urbano
650 7 _aIngeniería del tránsito
_zRepública Dominicana
700 1 _aDespotovic, Natasha
_e prólogo
700 1 _aGutiérrez, Silvia
_etraducción
710 1 _aRepública Dominicana
_bFundación Global Democracia y Desarrollo
910 _aVMateo V. Control de calidad. BPMSU
942 _2ddc
_cBK
999 _c13889
_d13889